Proceedings of the 1988 American Control Conference : Atlanta Hilton Hotel and Towers, Atlanta, Ga, June 15-17, 1988 /
Guardado en:
| Autores Corporativos: | , |
|---|---|
| Formato: | Libro |
| Idioma: | English |
| Publicado: |
Piscataway, N.J. :
Distributed through the IEEE Service Center,
[1988]
|
| Materias: | |
| Etiquetas: |
Agregar Etiqueta
Sin Etiquetas, Sea el primero en etiquetar este registro!
|
| LEADER | 01454nam a22002895a 4500 | ||
|---|---|---|---|
| 001 | EIQ.libpla001550 | ||
| 008 | 061106s1988####njuao####b####101#0#eng#d | ||
| 005 | 20061106184723.0 | ||
| 245 | 1 | 0 | |a Proceedings of the 1988 American Control Conference : |b Atlanta Hilton Hotel and Towers, Atlanta, Ga, June 15-17, 1988 / |c sponsoring organization, American Automatic Control Council ; member societies, American Institute of Aeronautics and Astronautics ... [et al.]. |
| 260 | |a Piscataway, N.J. : |b Distributed through the IEEE Service Center, |c [1988] | ||
| 300 | |a 3 v. : |b il., fotos ; |c 29 cm. | ||
| 500 | |a Título de cubierta: 1988 American Control Conference. | ||
| 504 | |a Incluye referencias bibliográficas e índice. | ||
| 111 | 2 | |a American Control Conference |n (3th : |d 1988 : |c Atlanta, Georgia) | |
| 710 | 2 | |a American Automatic Control Council. | |
| 740 | 0 | |a 1988 American Control Conference. | |
| 650 | 4 | |a Control automático |x Congresos. | |
| 650 | 4 | |a Sistemas lineales |x Congresos. | |
| 650 | 4 | |a Sistemas no lineales |x Congresos. | |
| 650 | 4 | |a Sistemas de control digital |x Congresos. | |
| 650 | 4 | |a Automatic control |x Congresses. | |
| 650 | 4 | |a Digital control systems |x Congresses. | |
| 650 | 4 | |a Linear systems |x Congresses. | |
| 650 | 4 | |a nonlinear systems |x Congresses. | |
| 040 | |a AR-BbSID |b spa |c AR-BbSID | ||
| 859 | |a AR-BbSID |b BIB. PLAPIQUI |h 629.836 |i Am 31 |p 4518 |v Vol. 1 |3 Vol. 1 | ||
| 859 | |a AR-BbSID |b BIB. PLAPIQUI |h 629.836 |i Am 31 |p 4519 |v Vol. 3 |3 Vol. 3 | ||
